000 00600cam a2200229 a 4500
001 950747
005 20180215051208.0
008 840210s1984 nyua b 101 0 eng
010 _a 84003575
020 _a0873959256
020 _a0873959264 (pbk.)
040 _aDLC
_cDLC
_dDLC
041 _aeng
080 _a330
082 0 0 _a330 BOU
_219
100 _a52
101 _aEKO
245 0 4 _aThe Economics of human betterment /
_cedited by Kenneth E. Boulding.
504 _aIncludes bibliographies and index.
906 _a7
_bcbc
_corignew
_d1
_eocip
_f19
_gy-gencatlg
942 _2ddc
_cBK
999 _c42637
_d42637